Terrorism in Action : (Record no. 24204)
[ view plain ]
| 000 -LEADER | |
|---|---|
| fixed length control field | 00187nam a22000737a 4500 |
| 003 - CONTROL NUMBER IDENTIFIER | |
| control field | Nust |
| 005 - DATE AND TIME OF LATEST TRANSACTION | |
| control field | 20170526170109.0 |
| 008 - FIXED-LENGTH DATA ELEMENTS--GENERAL INFORMATION | |
| fixed length control field | 140509b xxu||||| |||| 00| 0 eng d |
| 020 ## - INTERNATIONAL STANDARD BOOK NUMBER | |
| Terms of availability | Available |
| International Standard Book Number | 9898373020 |
| 040 ## - CATALOGING SOURCE | |
| Original cataloging agency | DLC |
| Language of cataloging | DLC |
| Transcribing agency | RCMS |
| 050 ## - LIBRARY OF CONGRESS CALL NUMBER | |
| Classification number | 297.1977092 IQB |
| 082 ## - DEWEY DECIMAL CLASSIFICATION NUMBER | |
| Classification number | 297.1977092 IQB |
| 100 ## - MAIN ENTRY--PERSONAL NAME | |
| Personal name | Hussain, Iqbal S. |
| 9 (RLIN) | 328 |
| 245 ## - TITLE STATEMENT | |
| Title | Terrorism in Action : |
| Remainder of title | civilizations at war |
| 250 ## - EDITION STATEMENT | |
| Edition statement | 1st, ed. |
| 260 ## - PUBLICATION, DISTRIBUTION, ETC. | |
| Place of publication, distribution, etc. | [S.l. : |
| Name of publisher, distributor, etc. | s.n.], |
| Date of publication, distribution, etc. | c2003. |
| 300 ## - PHYSICAL DESCRIPTION | |
| Extent | 382 p. ; |
| Other physical details | ill. |
| Dimensions | 22,cm. |
| 440 ## - SERIES STATEMENT/ADDED ENTRY--TITLE | |
| Title | Terrorism in action : civilizations at war |
| 9 (RLIN) | 329 |
| 538 ## - SYSTEM DETAILS NOTE | |
| Display text | Shelf # 13, Row # 3, Fiction. |
| 650 ## - SUBJECT ADDED ENTRY--TOPICAL TERM | |
| Topical term or geographic name entry element | Terrorism. |
| 9 (RLIN) | 330 |
| 942 ## - ADDED ENTRY ELEMENTS (KOHA) | |
| Source of classification or shelving scheme | |
| Koha item type | Fiction |
| Call number prefix | 297.1977092 IQB |
| Call number suffix | 297.1977092 IQB |
| Withdrawn status | Lost status | Source of classification or shelving scheme | Damaged status | Not for loan | Permanent Location | Current Location | Shelving location | Date acquired | Total Checkouts | Full call number | Barcode | Date last seen | Price effective from | Koha item type |
|---|---|---|---|---|---|---|---|---|---|---|---|---|---|---|
| Central Library (CL) | Central Library (CL) | General Stacks | 05/09/2014 | 297.1977092 IQB | RCMS000975 | 05/09/2014 | 05/09/2014 | Book |
